000 00486nam a2200181Ia 4500
008 090124s9999 xx 000 0 und d
082 _b125458
100 _aखरे नंदा
245 _a वीसशे पन्नास
250 _a1
260 _c1993
300 _a147
600 _aखरे नंदा
630 _a वीसशे पन्नास
700 _aखरे नंदा
730 _a वीसशे पन्नास
942 _cBOOK
999 _c171546
_d171546